[Event "COL-ch"]
[Site "Bogota"]
[Date "2018.11.09"]
[Round "6"]
[White "Gomez, Samael"]
[Black "Cedeno, Romulo"]
[Result "1-0"]
[WhiteElo "1959"]
[BlackElo "1832"]
[PlyCount "49"]
[EventDate "2018.11.06"]
[EventType "swiss"]
[EventRounds "9"]
[EventCountry "COL"]
[SourceTitle "CBM 187 Extra"]
[Source "ChessBase"]
[SourceDate "2018.11.04"]
[SourceVersion "1"]
[SourceVersionDate "2018.11.04"]
[SourceQuality "1"]

1. d4 Nf6 2. c4 e5 3. dxe5 Ng4 4. Nf3 Bc5 5. e3 Nc6 6. a3 a5 7. b3 Ngxe5 8. Bb2 d6 9. Nxe5 dxe5 10. Qxd8+ Kxd8 11. Nc3 Re8 12. 0-0-0+ Bd7 13. Be2 Kc8 14. Rxd7 Kxd7 15. Bg4+ Re6 16. Rd1+ Ke8 17. Bxe6 fxe6 18. Ne4 Ba7 19. Ng5 Ke7 20. Nxh7 Rh8 21. Ng5 Rxh2 22. Rg1 Rh5 23. Ne4 g6 24. Kd2 Nd8 25. g4 1-0

[Event "Pan American-ch Seniors 50"]
[Site "Neiva"]
[Date "2017.10.15"]
[Round "8"]
[White "Pena, Fernando"]
[Black "Cedeno, Romulo"]
[Result "1-0"]
[WhiteElo "1878"]
[BlackElo "1871"]
[PlyCount "51"]
[EventDate "2017.10.11"]
[EventType "swiss"]
[EventRounds "9"]
[EventCountry "COL"]
[SourceTitle "CBM 181 Extra"]
[Source "ChessBase"]
[SourceDate "2017.12.12"]
[SourceVersion "1"]
[SourceVersionDate "2017.12.12"]
[SourceQuality "1"]

1. d4 Nf6 2. Nf3 g6 3. c4 d6 4. Nc3 Bg7 5. e4 0-0 6. Bg5 Bg4 7. Be2 Bxf3 8. Bxf3 Nbd7 9. 0-0 e5 10. d5 h6 11. Be3 Nh7 12. Be2 f5 13. exf5 gxf5 14. f4 a6 15. Rf3 e4 16. Rh3 Ndf6 17. Kh1 Kf7 18. g4 Nxg4 19. Bxg4 fxg4 20. Qxg4 Nf6 21. Qe6+ Kg6 22. Rg1+ Kh7 23. Qf5+ Kh8 24. Rxg7 Kxg7 25. Rg3+ Kh8 26. Bd4 1-0

[Event "Pan American-ch Seniors 50"]
[Site "Neiva"]
[Date "2017.10.14"]
[Round "6"]
[White "Acosta Pedroso, Gerardo"]
[Black "Cedeno, Romulo"]
[Result "1-0"]
[WhiteElo "2050"]
[BlackElo "1871"]
[PlyCount "71"]
[EventDate "2017.10.11"]
[EventType "swiss"]
[EventRounds "9"]
[EventCountry "COL"]
[SourceTitle "CBM 181 Extra"]
[Source "ChessBase"]
[SourceDate "2017.12.12"]
[SourceVersion "1"]
[SourceVersionDate "2017.12.12"]
[SourceQuality "1"]

1. d4 Nf6 2. c4 e5 3. dxe5 Ng4 4. Nf3 Bc5 5. e3 Nc6 6. a3 Ngxe5 7. Nc3 Nxf3+ 8. Qxf3 a6 9. b4 Be7 10. Nd5 Ne5 11. Qf4 d6 12. Bb2 c6 13. Nxe7 Qxe7 14. c5 f6 15. cxd6 Qxd6 16. Rd1 Qe7 17. Bd4 Kf7 18. Be2 Rd8 19. 0-0 Ng6 20. Qg3 Qd6 21. Be5 Qe7 22. Bd6 Qe8 23. Rd4 Kg8 24. Bc4+ Kh8 25. h4 b5 26. Bb3 c5 27. bxc5 Bb7 28. Rfd1 Ne7 29. Bxe7 Qxe7 30. Rxd8+ Rxd8 31. Rxd8+ Qxd8 32. Qd6 Qxd6 33. cxd6 Bc8 34. Bd5 Bd7 35. e4 g6 36. f4 1-0

[Event "Pan American-ch Seniors 50"]
[Site "Neiva"]
[Date "2017.10.11"]
[Round "2"]
[White "Marin Palma, Jesus Alberto"]
[Black "Cedeno, Romulo"]
[Result "0-1"]
[WhiteElo "1473"]
[BlackElo "1871"]
[PlyCount "58"]
[EventDate "2017.10.11"]
[EventType "swiss"]
[EventRounds "9"]
[EventCountry "COL"]
[SourceTitle "CBM 181 Extra"]
[Source "ChessBase"]
[SourceDate "2017.12.12"]
[SourceVersion "1"]
[SourceVersionDate "2017.12.12"]
[SourceQuality "1"]

1. d4 Nf6 2. c4 e5 3. d5 Bc5 4. Nc3 d6 5. e4 Ng4 6. Be3 Nxe3 7. fxe3 Bxe3 8. h4 Bxg1 9. Rxg1 Qxh4+ 10. Kd2 f5 11. Bd3 f4 12. Be2 Qg5 13. Kc2 h5 14. Qd3 Na6 15. a3 Nc5 16. Qd2 Qf6 17. b4 Nd7 18. Raf1 a5 19. g3 axb4 20. axb4 g5 21. gxf4 exf4 22. Kb3 Ne5 23. Nb5 Kd8 24. c5 Bd7 25. cxd6 cxd6 26. Qd4 Ke7 27. Nc7 Ba4+ 28. Ka3 Nc4+ 29. Qxc4 Bb5+ 0-1

[Event "COL-ch Amateur U2000"]
[Site "Bogota"]
[Date "2017.03.04"]
[Round "4"]
[White "Cedeno, Romulo"]
[Black "Salcedo, Juan Carlos"]
[Result "0-1"]
[WhiteElo "1874"]
[BlackElo "1964"]
[PlyCount "62"]
[EventDate "2017.03.02"]
[EventType "swiss"]
[EventRounds "7"]
[EventCountry "COL"]
[SourceTitle "CBM 177 Extra"]
[Source "ChessBase"]
[SourceDate "2017.04.27"]
[SourceVersion "1"]
[SourceVersionDate "2017.04.27"]
[SourceQuality "1"]

1. b3 Nf6 2. Bb2 g6 3. e3 Bg7 4. f4 d6 5. Nf3 c5 6. Be2 0-0 7. 0-0 Bg4 8. c4 Nc6 9. Nc3 a6 10. Ne1 Bxe2 11. Qxe2 e6 12. Nf3 Qe7 13. d4 Rfd8 14. Rad1 Rac8 15. d5 exd5 16. cxd5 Nb8 17. Rd2 b5 18. Nd1 Ne4 19. Rc2 Bxb2 20. Rxb2 Re8 21. Re1 Nd7 22. Nf2 Nxf2 23. Kxf2 Nf6 24. Qd3 c4 25. bxc4 Rxc4 26. Nd2 Rc5 27. e4 Rxd5 28. Qf3 Rxd2+ 29. Rxd2 Nxe4+ 30. Rxe4 Qxe4 31. Rxd6 Qe1# 0-1

[Event "COL-ch Amateur U2000"]
[Site "Bogota"]
[Date "2017.03.03"]
[Round "3"]
[White "Prada, Diogenes"]
[Black "Cedeno, Romulo"]
[Result "1-0"]
[WhiteElo "1969"]
[BlackElo "1874"]
[PlyCount "83"]
[EventDate "2017.03.02"]
[EventType "swiss"]
[EventRounds "7"]
[EventCountry "COL"]
[SourceTitle "CBM 177 Extra"]
[Source "ChessBase"]
[SourceDate "2017.04.27"]
[SourceVersion "1"]
[SourceVersionDate "2017.04.27"]
[SourceQuality "1"]

1. e4 d5 2. exd5 Qxd5 3. Nc3 Qd6 4. d4 a6 5. Be3 Nf6 6. Qd2 e6 7. Nf3 b6 8. 0-0-0 Bb7 9. Bf4 Qd8 10. Ne5 Bb4 11. a3 Ne4 12. Qe3 Nxc3 13. bxc3 Bxa3+ 14. Kb1 Nd7 15. Bc4 Nxe5 16. Qxe5 0-0 17. Qh5 Bd5 18. Bd3 f5 19. Rde1 b5 20. Re3 g6 21. Qh6 c5 22. h4 Qa5 23. Be2 cxd4 24. Rg3 Rf6 25. Be5 Bf8 26. Qg5 Qa2+ 27. Kc1 Qa1+ 28. Kd2 dxc3+ 29. Bxc3 Qxh1 30. Qxf6 Bh6+ 31. Re3 f4 32. Qh8+ Kf7 33. Qxh7+ Ke8 34. Qxg6+ Kd7 35. Qf7+ Kc8 36. Qe8+ Kc7 37. Ba5+ Kd6 38. Bb4+ Kc7 39. Rc3+ Kb6 40. Bc5+ Kc7 41. Be7+ Kb6 42. Bd8+ 1-0

[Event "COL sub zt 2.3.4"]
[Site "La Dorada"]
[Date "2016.11.07"]
[Round "9"]
[White "Cedeno, Romulo"]
[Black "Vargas, Eduar Misael"]
[Result "0-1"]
[WhiteElo "1878"]
[BlackElo "1928"]
[PlyCount "34"]
[EventDate "2016.11.02"]
[EventType "swiss"]
[EventRounds "9"]
[EventCountry "COL"]
[SourceTitle "CBM 175 Extra"]
[Source "ChessBase"]
[SourceDate "2016.12.12"]
[SourceVersion "1"]
[SourceVersionDate "2016.12.12"]
[SourceQuality "1"]

1. b3 e5 2. Bb2 d6 3. e3 Be6 4. d4 exd4 5. Qxd4 Nf6 6. Nf3 Nc6 7. Bb5 Bd7 8. Bxc6 Bxc6 9. Nbd2 Qd7 10. 0-0 Be7 11. Rad1 b6 12. Rfe1 0-0-0 13. Nc4 h6 14. h3 Bxf3 15. gxf3 Qxh3 16. Nd2 d5 17. Nf1 Qxf3 0-1

[Event "COL sub zt 2.3.4"]
[Site "La Dorada"]
[Date "2016.11.06"]
[Round "8"]
[White "Lopez Ramirez, Jorge Hernan"]
[Black "Cedeno, Romulo"]
[Result "1-0"]
[WhiteElo "2002"]
[BlackElo "1878"]
[PlyCount "45"]
[EventDate "2016.11.02"]
[EventType "swiss"]
[EventRounds "9"]
[EventCountry "COL"]
[SourceTitle "CBM 175 Extra"]
[Source "ChessBase"]
[SourceDate "2016.12.12"]
[SourceVersion "1"]
[SourceVersionDate "2016.12.12"]
[SourceQuality "1"]

1. e4 d5 2. exd5 Qxd5 3. Nc3 Qd8 4. d4 Bf5 5. Nf3 e6 6. a3 Nf6 7. Bc4 c6 8. Qe2 Nbd7 9. Bf4 Nb6 10. Bb3 Nbd5 11. Nxd5 cxd5 12. Ba4+ Nd7 13. Qb5 f6 14. 0-0 b6 15. Rfe1 Be4 16. Nd2 e5 17. Nxe4 dxe4 18. dxe5 a6 19. Qc6 Rc8 20. Qe6+ Be7 21. exf6 gxf6 22. Rad1 b5 23. Bb3 1-0

[Event "COL sub zt 2.3.4"]
[Site "La Dorada"]
[Date "2016.11.04"]
[Round "5"]
[White "Juez, Jhon Alexander"]
[Black "Cedeno, Romulo"]
[Result "1/2-1/2"]
[WhiteElo "2054"]
[BlackElo "1878"]
[PlyCount "79"]
[EventDate "2016.11.02"]
[EventType "swiss"]
[EventRounds "9"]
[EventCountry "COL"]
[SourceTitle "CBM 175 Extra"]
[Source "ChessBase"]
[SourceDate "2016.12.12"]
[SourceVersion "1"]
[SourceVersionDate "2016.12.12"]
[SourceQuality "1"]

1. e4 Nc6 2. d3 d6 3. f4 f5 4. Nf3 e5 5. g3 Nf6 6. Bg2 Be7 7. 0-0 0-0 8. c3 fxe4 9. dxe4 exf4 10. gxf4 Be6 11. Re1 Qe8 12. Ng5 Bg4 13. Qb3+ Kh8 14. h3 Bc8 15. Be3 h6 16. Ne6 Bxe6 17. Qxe6 Qd7 18. Qxd7 Nxd7 19. Nd2 g5 20. f5 Nce5 21. Nf3 Nxf3+ 22. Bxf3 Ne5 23. Bd4 Bf6 24. Bxe5 Bxe5 25. Bh5 Kg7 26. Rad1 Kf6 27. Kg2 a5 28. Re2 a4 29. Rd3 b6 30. Kf3 Rfb8 31. Kg4 Rg8 32. Bg6 Rh8 33. Kh5 Bf4 34. c4 Be5 35. b4 axb3 36. axb3 Ra1 37. Rf3 Rha8 38. Rg2 c5 39. Rd3 Rh8 40. Rg4 1/2-1/2

[Event "Mosquera op"]
[Site "Mosquera"]
[Date "2014.10.30"]
[Round "1"]
[White "Cardozo Munar, Carlos Eduardo"]
[Black "Cedeno, Romulo"]
[Result "1-0"]
[WhiteElo "2083"]
[BlackElo "1777"]
[PlyCount "40"]
[EventDate "2014.10.30"]
[EventType "swiss"]
[EventRounds "9"]
[EventCountry "COL"]
[SourceTitle "EXT 2015"]
[Source "ChessBase"]
[SourceDate "2014.11.20"]
[SourceVersion "1"]
[SourceVersionDate "2014.11.20"]
[SourceQuality "1"]

1. d4 d5 2. Nf3 Nf6 3. Bg5 Bg4 4. Nbd2 Nbd7 5. c4 dxc4 6. e3 g6 7. Bxc4 Bg7 8. h3 Bf5 9. Bxf6 Nxf6 10. Qb3 e6 11. g4 Be4 12. Nxe4 Nxe4 13. Qxb7 Nd6 14. Qc6+ Ke7 15. Bb3 Qd7 16. Rc1 Qxc6 17. Rxc6 Rhc8 18. Ke2 h6 19. Rhc1 Kd7 20. Ba4 Kd8 1-0

[Event "Pan American Amateur-ch"]
[Site "San Andres Islas"]
[Date "2014.08.29"]
[Round "6"]
[White "Corredor Espitia, Miguel"]
[Black "Cedeno, Romulo"]
[Result "0-1"]
[WhiteElo "1561"]
[BlackElo "1849"]
[PlyCount "48"]
[EventDate "2014.08.26"]
[EventType "swiss"]
[EventRounds "9"]
[EventCountry "COL"]
[SourceTitle "EXT 2016"]
[Source "ChessBase"]
[SourceDate "2015.10.08"]
[SourceVersion "1"]
[SourceVersionDate "2015.10.08"]
[SourceQuality "1"]

1. e4 e5 2. Nf3 d6 3. Nc3 Nf6 4. d4 exd4 5. Nxd4 Nc6 6. Nxc6 bxc6 7. f3 Be6 8. Be2 Be7 9. 0-0 0-0 10. Be3 Nd7 11. a3 Nb6 12. Qe1 Bf6 13. Bd2 Nc4 14. Bxc4 Bxc4 15. Rf2 Bh4 16. g3 Bf6 17. Qe3 Re8 18. b3 Ba6 19. f4 c5 20. Re1 Bd4 21. Qf3 Bxf2+ 22. Qxf2 Bb7 23. e5 dxe5 24. Qxc5 Qxd2 0-1

[Event "Pan American Amateur-ch"]
[Site "San Andres Islas"]
[Date "2014.08.27"]
[Round "3"]
[White "Cedeno, Romulo"]
[Black "O'Neil, Donovan"]
[Result "1-0"]
[WhiteElo "1849"]
[BlackElo "1625"]
[PlyCount "62"]
[EventDate "2014.08.26"]
[EventType "swiss"]
[EventRounds "9"]
[EventCountry "COL"]
[SourceTitle "EXT 2016"]
[Source "ChessBase"]
[SourceDate "2015.10.08"]
[SourceVersion "1"]
[SourceVersionDate "2015.10.08"]
[SourceQuality "1"]

1. b3 Nf6 2. Bb2 c5 3. e3 Nc6 4. Bb5 Qc7 5. f4 d6 6. Nf3 Bd7 7. 0-0 0-0-0 8. d4 Nd5 9. Qd2 Qa5 10. Bxc6 Qxd2 11. Bxd7+ Rxd7 12. Nbxd2 Nxe3 13. Rfc1 e6 14. dxc5 dxc5 15. Nf1 Nd5 16. g3 f6 17. c4 Nb4 18. Bc3 Nc6 19. Rd1 Nd4 20. Kg2 Nxf3 21. Kxf3 Be7 22. Rxd7 Kxd7 23. Rd1+ Kc6 24. Ne3 Rd8 25. Rxd8 Bxd8 26. f5 e5 27. g4 h6 28. g5 hxg5 29. Kg4 Kd7 30. Kh5 Ke8 31. Kg6 Kf8 1-0

[Event "Pan American Amateur-ch"]
[Site "San Andres Islas"]
[Date "2014.08.27"]
[Round "2"]
[White "Olarte Parra, Jhoan Sebastian"]
[Black "Cedeno, Romulo"]
[Result "1-0"]
[WhiteElo "1965"]
[BlackElo "1849"]
[PlyCount "80"]
[EventDate "2014.08.26"]
[EventType "swiss"]
[EventRounds "9"]
[EventCountry "COL"]
[SourceTitle "EXT 2016"]
[Source "ChessBase"]
[SourceDate "2015.10.08"]
[SourceVersion "1"]
[SourceVersionDate "2015.10.08"]
[SourceQuality "1"]

1. e4 Nc6 2. d4 d6 3. f4 f5 4. d5 Nb8 5. exf5 Bxf5 6. Nf3 Nf6 7. Nd4 Qd7 8. c4 c5 9. Nxf5 Qxf5 10. Bd3 Qd7 11. f5 Na6 12. Nc3 0-0-0 13. 0-0 Nc7 14. Rb1 Kb8 15. Be3 g6 16. fxg6 hxg6 17. Bxg6 Qg4 18. Qxg4 Nxg4 19. Bf4 Bh6 20. h3 Bxf4 21. Rxf4 Ne5 22. Bf5 Rdf8 23. Rbf1 Ne8 24. b3 Ng7 25. Bc2 Rfg8 26. Ne4 Kc7 27. Kh2 Ne8 28. Bd1 Ng7 29. g4 Ne8 30. Be2 Nf6 31. Nxf6 exf6 32. Kg3 Nd7 33. h4 Rh6 34. Rf5 Kd8 35. g5 fxg5 36. hxg5 Rhg6 37. Kh4 R6g7 38. Bh5 Re7 39. g6 Re2 40. Bxe2 Ke8 1-0

[Event "COL-ch Amateur"]
[Site "Colombia"]
[Date "2014.03.12"]
[Round "2"]
[White "Mesa, Francisco Alonso Jr"]
[Black "Cedeno, Romulo"]
[Result "1-0"]
[WhiteElo "1943"]
[BlackElo "1849"]
[PlyCount "27"]
[EventDate "2014.03.12"]
[EventType "swiss"]
[EventRounds "9"]
[EventCountry "COL"]
[SourceTitle "CBM 159 Extra"]
[Source "ChessBase"]
[SourceDate "2014.04.24"]
[SourceVersion "1"]
[SourceVersionDate "2014.04.24"]
[SourceQuality "1"]

1. e4 e5 2. Nf3 Nc6 3. Bb5 Nd4 4. Nxd4 exd4 5. 0-0 Ne7 6. d3 Ng6 7. f4 Be7 8. c3 c6 9. Ba4 Bc5 10. Kh1 Qh4 11. Bd2 d6 12. Be1 Qg4 13. Qd2 f5 14. Bd1 1-0

[Event "Huila Region-ch Amateur"]
[Site "Neiva"]
[Date "2013.09.21"]
[Round "1.1"]
[White "Cotes, Rafael"]
[Black "Cedeno, Romulo"]
[Result "1/2-1/2"]
[WhiteElo "1600"]
[BlackElo "1849"]
[PlyCount "83"]
[EventDate "2013.09.21"]
[EventType "swiss"]
[EventRounds "5"]
[EventCountry "COL"]
[SourceTitle "EXT 2024"]
[Source "ChessBase"]
[SourceDate "2023.10.10"]
[SourceVersion "1"]
[SourceVersionDate "2023.10.10"]
[SourceQuality "1"]

1. e4 e5 2. Nf3 Nc6 3. Bc4 Nf6 4. d3 Be7 5. 0-0 d6 6. h3 a6 7. a3 0-0 8. Nc3 b5 9. Ba2 Kh8 10. Bg5 Nd4 11. Bxf6 Bxf6 12. Nd5 c6 13. Ne3 Be7 14. Nxd4 exd4 15. Ng4 Be6 16. f4 Bxa2 17. Rxa2 f5 18. Nh2 a5 19. Ra1 Qb6 20. Qe2 fxe4 21. Qxe4 Bf6 22. Rae1 Ra7 23. Qf3 c5 24. Re2 c4 25. g3 Qb7 26. Qxb7 Rxb7 27. Ng4 b4 28. Nxf6 gxf6 29. dxc4 bxa3 30. bxa3 Rc8 31. Rd1 Rxc4 32. Rd3 Rb2 33. Red2 Rcxc2 34. Rxc2 Rxc2 35. Rxd4 Rc3 36. Kg2 Rxa3 37. Rxd6 Kg7 38. Rd5 a4 39. Ra5 Ra1 40. Kf3 a3 41. Kg4 a2 42. Kh4 1/2-1/2

[Event "COL-ch Amateur"]
[Site "San Andres Islas"]
[Date "2013.03.14"]
[Round "3"]
[White "Cedeno, Romulo"]
[Black "Silva, Jorge"]
[Result "0-1"]
[WhiteElo "1849"]
[BlackElo "1970"]
[PlyCount "94"]
[EventDate "2013.03.13"]
[EventType "swiss"]
[EventRounds "9"]
[EventCountry "COL"]
[SourceTitle "CBM 153 Extra"]
[Source "ChessBase"]
[SourceDate "2013.04.22"]
[SourceVersion "1"]
[SourceVersionDate "2013.04.22"]
[SourceQuality "1"]

1. b3 Nf6 2. e3 g6 3. Bb2 Bg7 4. f4 0-0 5. Nf3 b6 6. Be2 Bb7 7. 0-0 c5 8. c4 Nc6 9. Nc3 d5 10. Nxd5 Nxd5 11. cxd5 Bxb2 12. dxc6 Bxc6 13. Rb1 Bf6 14. Ne5 Bb7 15. Bf3 Bxf3 16. Nxf3 Qd3 17. Rc1 Rfd8 18. Qc2 Rd7 19. Qxd3 Rxd3 20. Kf2 a5 21. Ke2 Rad8 22. Rc4 Bb2 23. Rd1 R3d7 24. Rc2 Bf6 25. Rc4 Kf8 26. e4 e6 27. e5 Be7 28. Rc2 h6 29. h4 Kg7 30. g4 g5 31. hxg5 hxg5 32. f5 exf5 33. gxf5 f6 34. Ke3 Rd3+ 35. Ke2 R3d5 36. Rg1 fxe5 37. Nxg5 Kf6 38. Ne6 Rh8 39. Ng7 e4 40. Rg6+ Kf7 41. Re6 Bf6 42. Rxb6 Kxg7 43. Rb7+ Kh6 44. Ke3 Kg5 45. Kxe4 Rd4+ 46. Ke3 Rh3+ 47. Ke2 Re4+ 0-1

[Event "Medellin Experts 17th"]
[Site "Medellin"]
[Date "2010.08.05"]
[Round "2.7"]
[White "Hoyos Campuzano, Efrain"]
[Black "Cedeno, Romulo"]
[Result "1-0"]
[WhiteElo "1957"]
[BlackElo "1818"]
[PlyCount "107"]
[EventDate "2010.08.04"]
[EventType "swiss"]
[EventRounds "9"]
[EventCountry "COL"]
[SourceTitle "EXT 2024"]
[Source "ChessBase"]
[SourceDate "2023.10.10"]
[SourceVersion "1"]
[SourceVersionDate "2023.10.10"]
[SourceQuality "1"]

1. e4 e5 2. Nf3 Nc6 3. Bb5 Nd4 4. Bc4 d6 5. c3 Nxf3+ 6. Qxf3 Qf6 7. Qg3 Be6 8. Na3 0-0-0 9. d4 Bxc4 10. Bg5 Qg6 11. Bxd8 Qxe4+ 12. Qe3 Qxe3+ 13. fxe3 Bd5 14. Bh4 Bxg2 15. Rg1 Bf3 16. Rf1 e4 17. Nc4 f5 18. Nd2 Bh5 19. Nxe4 Be7 20. Bxe7 Nxe7 21. Ng3 Bg4 22. Kd2 h5 23. Rae1 h4 24. Ne2 g5 25. Rg1 Bxe2 26. Kxe2 Rg8 27. Ref1 Kd7 28. c4 Ke6 29. Rf2 c5 30. Rfg2 g4 31. dxc5 dxc5 32. e4 h3 33. exf5+ Nxf5 34. Rxg4 Nd4+ 35. Kd3 Rd8 36. Rg8 Rd7 37. R1g7 Nf3+ 38. Rxd7 Kxd7 39. Ke3 Nxh2 40. Kf2 Ke6 41. Rg1 Kf5 42. Kg3 Ng4 43. Kxh3 Nf2+ 44. Kg2 Nd3 45. b3 Ke4 46. Kf1 Nc1 47. Rg2 Kd4 48. Ke1 Kc3 49. Kd1 Nd3 50. Rg3 Kd4 51. Kd2 Nb4 52. a3 Nc6 53. Rd3+ Ke5 54. Rd5+ 1-0